000
00229 a2200097 4500
001
14347
100
_a
Nunn, S.P
245
_a
Education its data and first principles
260
_a
London
_b
Edward arnold
_c
090
_c
11248
_d
11248
942
_a
NUST-CAE
_c
M
_c
1390
999
_c
249420
_d
249420